Biología /
Guardado en:
| Autor Principal: | |
|---|---|
| Formato: | Libro |
| Publicado: |
México :
Interamericana,
1971
|
| Edición: | 5a. ed. |
| Materias: | |
| Etiquetas: |
Agregar Etiqueta
Sin Etiquetas, Sea el primero en etiquetar este registro!
|
| LEADER | 01108nam a22002775a 4500 | ||
|---|---|---|---|
| 001 | CEM.cems006580 | ||
| 005 | 20060214000000.0 | ||
| 008 | 130507s1971##################000#0#####d | ||
| 003 | CEMS | ||
| 082 | 0 | 4 | |a Z570 |
| 100 | 1 | |a Villee, Claude A. | |
| 245 | 1 | 0 | |a Biología / |
| 250 | |a 5a. ed. | ||
| 260 | |a México : |b Interamericana, |c 1971 | ||
| 300 | |a 688 p. | ||
| 653 | |a Biología | ||
| 859 | |a CEMS |b BIB. CEMS - 11 de abril |h Z570 |i V714A5 |p 2653.74 |t Ej.1 | ||
| 859 | |a CEMS |b BIB. CEMS - 11 de abril |h Z570 |i V714A5 |p 2654.74 |t Ej.2 | ||
| 859 | |a CEMS |b BIB. CEMS - 11 de abril |h Z570 |i V714A5 |p 2954.74 |t Ej.3 | ||
| 859 | |a CEMS |b BIB. CEMS - 11 de abril |h Z570 |i V714A5 |p 2955.74 |t Ej.4 | ||
| 859 | |a CEMS |b BIB. CEMS - 11 de abril |h Z570 |i V714A5 |p 2957.74 |t Ej.6 | ||
| 859 | |a CEMS |b BIB. CEMS - 11 de abril |h Z570 |i V714A5 |p 2958.74 |t Ej.7 | ||
| 859 | |a CEMS |b BIB. CEMS - 11 de abril |h Z570 |i V714A5 |p 2959.74 |t Ej.8 | ||
| 859 | |a CEMS |b BIB. CEMS - 11 de abril |h Z570 |i V714A5 |p 2960.74 |t Ej.9 | ||
| 859 | |a CEMS |b BIB. CEMS - 11 de abril |h Z570 |i V714A5 |p 2961.74 |t Ej.10 | ||
| 859 | |a CEMS |b BIB. CEMS - 11 de abril |h Z570 |i V714A5 |p 3330.74 |t Ej.5 | ||
